| 000 | 00378nam a2200169Ia 4500 | ||
|---|---|---|---|
| 008 | 230524s9999 xx 000 0 und d | ||
| 020 | _a8188429627 | ||
| 082 |
_a5.132 _bRAJ |
||
| 100 | _aJ.Rajaram | ||
| 245 | 0 | _aFAQ's in ORACLE | |
| 250 | _a1ST | ||
| 260 |
_aCHENNAI _bScitech _c2005 |
||
| 300 | _a155 | ||
| 500 | _aQuantity Number: 2 | ||
| 650 | _aComp-Sc | ||
| 942 | _cBK | ||
| 999 |
_c12656 _d12656 |
||